OverView and Introduction to Biotechnology (Record no. 2352)
[ view plain ]
| 000 -LEADER | |
|---|---|
| fixed length control field | 00381nam a22001577a 4500 |
| 003 - CONTROL NUMBER IDENTIFIER | |
| control field | 0 |
| 005 - DATE AND TIME OF LATEST TRANSACTION | |
| control field | 20220114142117.0 |
| 008 - FIXED-LENGTH DATA ELEMENTS--GENERAL INFORMATION | |
| fixed length control field | 0 |
| 040 ## - CATALOGING SOURCE | |
| Transcribing agency | 0 |
| 050 ## - LIBRARY OF CONGRESS CALL NUMBER | |
| Classification number | TP248.2 |
| Item number | .H456 |
| 100 ## - MAIN ENTRY--PERSONAL NAME | |
| Personal name | Hedreyda,Cynthia T. |
| 245 ## - TITLE STATEMENT | |
| Title | OverView and Introduction to Biotechnology |
| Statement of responsibility, etc. | Cynthia T. Hedreyda |
| 300 ## - PHYSICAL DESCRIPTION | |
| Extent | 139pages: |
| Other physical details | with Illustration |
| Dimensions | 28 cm. |
| 650 ## - SUBJECT ADDED ENTRY--TOPICAL TERM | |
| Topical term or geographic name entry element | Biotechnology |
| 942 ## - ADDED ENTRY ELEMENTS (KOHA) | |
| Source of classification or shelving scheme | Library of Congress Classification |
| Koha item type | Filipiniana |
| Withdrawn status | Source of classification or shelving scheme | Damaged status | Not for loan | Home library | Current library | Date acquired | Total Checkouts | Full call number | Barcode | Date last seen | Price effective from | Koha item type |
|---|---|---|---|---|---|---|---|---|---|---|---|---|
| Library of Congress Classification | Cainta College Library | Cainta College Library | 10/23/2017 | TP248.2.H456 | URSCAI-3808 | 10/23/2017 | 10/23/2017 | Filipiniana |